| 000 | 00415nam a2200145Ia 4500 | ||
|---|---|---|---|
| 008 | 220204s9999 xx 000 0 und d | ||
| 082 |
_a573.6(035) _bPUR |
||
| 100 | _aPurohit, S S | ||
| 245 | 0 | _aLaboratory manual of plant biotechnology | |
| 260 |
_aBikaner _bAgro Botanical Publishers (India) _c1995 |
||
| 650 | _aGenetic transformation | ||
| 650 | _aProtoplast culture | ||
| 650 | _aTissue culture | ||
| 942 | _cBK | ||
| 999 |
_c40921 _d40921 |
||